00961nam a2200217 a 4500001000800000005001700008008004100025041000800066044000700074050002500081110005100106245016000157260016500317300003800482440003800520500001000558650005900568700003500627700005400662700002700716BRL_84620190320210924.0181013s1981----sp-a######---#000-0#spa-# aspa asp 4aNK480.M29b.M87 19812 aMuseo Nacional de Artes Decorativas (España)10aMuseo Nacional de Artes DecorativasbGuíaccredactada por Ma. Dolores Enriquez Arranz ; colaboradoras Ma. Josefa García del Cid, Josefina Tena Artigas. aMadridbMinisterio de Cultura, Dirección General de Bellas Artes, Archivos y Bibliotecas, Subdirección General de Museos, Patronato Nacional de Museosc1981 a144 p.bil., 54 láminasc20 cm. 0aMuseos de España: Serie Guías aAu96614aMuseo Nacional de Artes Decorativas (España)vGuía1 aEnriquez Arranz, Maria Dolores1 aGarcía y García del Cid, María Josefaecol.1 aTena Artigas, Josefina